| 000 | 00738nam a22001337a 4500 | ||
|---|---|---|---|
| 040 | _cRUA | ||
| 082 | _aGRS MAO 2017 B641 Or.1 | ||
| 100 | _aMAO PHORN ម៉ៅ ភន | ||
| 245 | _aorganic fertilizers using on chinese turnip at rong damrey village cherng phnom commune baphnom district prey veng provinceការប្រើប្ាសើជីសរីរាង្គនៅលើដំណាំឆៃថាវនៅភុមិរោមដំរី ឃុំជើងភ្នំ ស្រុកបាភ្នំ ខេត្តព្រៃវែង | ||
| 260 |
_aRUA _bPhnom penh _c2015 |
||
| 300 |
_aix;26p _bill; _c29cm |
||
| 856 | _uhttps://drive.google.com/file/d/1INrdy6fUVsJ-72bzp3dHWY5MwHDB-Ev4/view?usp=sharing | ||
| 942 | _cGRS | ||
| 999 |
_c18079 _d18079 |
||